000 00637nam a2200133Ia 4500
008 171212s9999 xx 000 0 und d
020 _a9780833033314
100 _aRAND Mathematics Study Panel, ;Loewenberg, Deborah
245 _cRAND Mathematics Study Panel, ;Loewenberg, Deborah
_aMathematical Proficiency for All Students: Toward a Strategic Research and Development Program in Mathematics Education
260 _bRAND Corporation
_c2003
650 _aEducation
650 _aMathematics -- Study and teaching -- United States; Mathematics teachers -- Training of -- United States
856 _uwww.jstor.org/stable/10.7249/mr1643oeri
999 _c352303
_d352303